01195nab a22002177a 4500999001500000003000400015005001700019008004100036040000700077100003100084245016800115260007300283300001400356500003500370505026700405505008100672650002300753650002800776773016000804942001300964 c6420d6420OSt20260202135312.0190429b xxu||||| |||| 00| 0 spa d cPJ aCosta Calvo, Eduardo9705510a El delito de trata de personas. La problemática del consentimiento. La víctima :b¿cláusula de no punibilidad o excusa absolutoria? /cEduardo Costa Calvo. cCiudad Autónoma de Buenos Aires :aThomson Reuters La Ley, b2023. ap. 95-106 aCita Online: AR/DOC/2388/2023. aSumario: I. Introducción.— II. Análisis de las acciones típicas.— III. La problemática del consentimiento.— IV. Tipo subjetivo.— V. Estudio de los principales agravantes.— VI. La víctima. ¿Cláusula de no punibilidad o excusa absolutoria?  tSi te interesa el texto completo, solicitalo a koha@justierradelfuego.gov.ar 09343aDERECHO PENAL 093056aTRATA DE PERSONAS0 0265893164tRevista de derecho penal y criminología. Nº 10 - Noviembre 2023dCiudad Autónoma de Buenos Aires : Thomson Reuters La Ley, 2017-x00347914 2udccANA